000 01097nam a22002537a 4500
005 20170124102942.0
010 _aA-970034
020 _c495.00
035 _aA-970034
037 _bCen Lib/Ret
040 _aDPL
_bHN
082 _a820.8
_bशर्माय
100 _aशर्मा, यज्ञदत्त
_948799
245 _aभक्ति साहित्य के आधार स्तम्भ /
_cयज्ञदत्त शर्मा
246 _aBhakti sahitye ke aadhar stambh /
_bby Yagyedutt Sharma
260 _aदिल्ली
_bपल्लव प्रकाशन
_c1998
270 _aमालीवाड़ा
_bदिल्ली
_e110006
300 _a132पृ.
_c20सेमी (सजिल्द)
650 _aहिन्दी -- साहित्य
_948800
650 _aहिन्दी -- साहित्य -- कबीर -- सूरदास
_95464
650 _aHindi - literature
_948801
650 _aHindi -- Literature - Kabir - Surdaas
_948802
942 _2ddc
_cHN
_h820.8
_mशर्माय
999 _c112700
_d112700